MARC

LEADER 00000nam0a2200000 4500
001 230015
005 20231101230958.0
035 |a (RuTPU)RU\TPU\book\250709 
090 |a 230015 
100 |a 20130117d1954 k y0rusy50 ca 
101 0 |a rus 
102 |a KZ 
105 |a a z 001zy 
200 1 |a Поиски россыпных месторождений титана  |e методические указания  |f Г. Б. Жилинский  |g Академия наук Казахской ССР (АН КазССР), Институт геологических наук им. К. И. Сатпаева (ИГН) 
210 |a Алма-Ата  |c Изд-во АН Казахской ССР  |d 1954 
215 |a 28 с.  |c ил. 
316 |5 63413507: КР-60  |a На с. 3 владельческая подпись: "К. Радугин" 
317 |5 63413507: КР-60  |a Поступила в НТБ в 2004 г. в составе книжного собрания профессора ТПИ К. В. Радугина 
320 |a Библиогр.: с. 27 
606 1 |a Титановые руды  |x Месторождения россыпные  |2 stltpush  |3 (RuTPU)RU\TPU\subj\60696  |9 77929 
610 1 |a геология 
610 1 |a титан 
610 1 |a физико-химические свойства 
610 1 |a механические свойства 
610 1 |a шлиховый метод 
610 1 |a поиск 
610 1 |a опробование 
610 1 |a методические указания 
610 1 |a библиотека К. В. Радугина 
610 1 |a владельческая надпись 
675 |a 553.494  |v 3 
700 1 |a Жилинский  |b Г. Б.  |g Герман Борисович 
712 0 2 |a Академия наук Казахской ССР (АН КазССР)  |b Институт геологических наук им. К. И. Сатпаева (ИГН)  |c (Алма-Ата)  |2 stltpush  |3 (RuTPU)RU\TPU\col\5163 
801 1 |a RU  |b 63413507  |c 20130117 
801 2 |a RU  |b 63413507  |c 20190304  |g RCR 
942 |c BK